Vista normal
Vista MARC
Entrada Materia (geográfica)
Número de registros utilizados en: 1
001 - CONTROL NUMBER
- control field: 45060
003 - CONTROL NUMBER IDENTIFIER
- control field: Co-BoUCM
005 - DATE AND TIME OF LATEST TRANSACTION
- control field: 20130913103624.0
008 - FIXED-LENGTH DATA ELEMENTS
- fixed length control field: 130913|| aca||aabn | a|a d
040 ## - CATALOGING SOURCE
- Original cataloging agency: Co-BoUCM
- Transcribing agency: Co-BoUCM
151 ## - HEADING--GEOGRAPHIC NAME
- Geographic name: Angola
- General subdivision: Relaciones exteriores
- Geographic subdivision: Portugal
670 ## - SOURCE DATA FOUND
- Source citation: Work cat.: (Co-BoUCM)180570: Waals, W.A. van der 45039, Portugal's War in Angola, 2011